[Event "Challenge"]
[Site "http://www.queenalice.com/game.php?id=475657"]
[Date "2008.10.10"]
[Round "-"]
[White "Al_Bundy"]
[Black "ulisses34"]
[Result "0-1"]
[WhiteElo "1725"]
[BlackElo "1753"]

1. e4 e5 2. Nf3 d6 3. Nc3 Nf6 4. h3 Be7 5. a3 a6 6. Bc4 O-O 7. d3 Nfd7 8. Bd2 b5
9. Ba2 c6 10. b4 a5 11. bxa5 Qxa5 12. Bb3 b4 13. axb4 Qxa1 14. Qxa1 Rxa1+ 15.
Nd1 h6 16. O-O Nb6 17. Bc3 Ra8 18. Ne3 Rd8 19. Bd2 Rd7 20. Bc3 Rda7 21. Nd2 Bg5
22. Re1 g6 23. Ndc4 Nxc4 24. Nxc4 Be6 25. Nb6 Bxb3 26. cxb3 h5 27. Nxa8 Rxa8 28.
g3 Ra3 29. h4 Bd8 30. Rb1 Ra2 31. Kg2 Bb6 32. Be1 Bd4 33. Rc1 Ra1 34. Rxa1 Bxa1
35. Bd2 Bd4 36. f4 f6 37. f5 gxf5 38. exf5 Nd7 39. Kh3 c5 40. bxc5 Nxc5 41. b4
Nxd3 42. g4 Nf2+ 43. Kg2 Nxg4 44. Kf3 Nh2+ 45. Kg2 Ng4 46. Kf3 Bb6 47. Bc3 Ne3
48. Ke4 d5+ 49. Kf3 d4 50. Bd2 Nxf5 51. Ke4 Nxh4 0-1

[Event "Challenge"]
[Site "http://www.queenalice.com/game.php?id=475936"]
[Date "2008.10.11"]
[Round "-"]
[White "Al_Bundy"]
[Black "juan_francisco"]
[Result "1-0"]
[WhiteElo "1680"]
[BlackElo "1455"]

1. e4 e5 2. Nf3 Nf6 3. Nc3 Nc6 4. d3 d6 5. h3 a5 6. a3 h5 7. Bd2 Nd4 8. Nxd4
exd4 9. Ne2 Nd7 10. Nxd4 c5 11. Nf3 Ne5 12. Be2 Nxf3+ 13. Bxf3 Qb6 14. Rb1 Be6
15. b3 g6 16. O-O Bh6 17. Bxh6 Rxh6 18. Qd2 O-O-O 19. Qxh6 f5 20. Qxg6 Kd7 21.
Qxh5 Qb5 22. Qh7+ Ke8 23. exf5 Bf7 24. Rfe1+ Kf8 25. Qh8+ Bg8 26. Qf6+ Bf7 27.
Qxd8+ Kg7 28. f6+ Kh7 29. Be4+ Bg6 30. Bxg6+ Kxg6 31. Qg8+ Kxf6 32. Re6+ Kf5 33.
Qf7+ Kg5 34. Rg6+ Kh5 35. Qh7# 1-0

[Event "Challenge"]
[Site "http://www.queenalice.com/game.php?id=476015"]
[Date "2008.10.11"]
[Round "-"]
[White "leafar"]
[Black "Al_Bundy"]
[Result "1/2-1/2"]
[WhiteElo "1751"]
[BlackElo "1709"]

1. e4 e5 2. Nf3 Nc6 3. Be2 Nf6 4. d3 h6 5. O-O d6 6. Nc3 Be7 7. Be3 Ng4 8. Nd5
Nxe3 9. fxe3 Be6 10. Nxe7 Qxe7 11. c4 a6 12. Qb3 b5 13. d4 Na5 14. Qc3 Bxc4 15.
Bxc4 Nxc4 16. dxe5 dxe5 17. b3 Nd6 18. Nxe5 O-O 19. Qd4 Rfe8 20. Nf3 Qxe4 21.
Rae1 Qxd4 22. Nxd4 Re4 23. Nc6 Rae8 24. Rf3 g6 25. a3 Nf5 26. Kf2 h5 27. Nb4
R8e6 28. Nd5 c6 29. Nc7 Re7 30. Nxa6 Nd4 31. Rf4 Nxb3 32. Rxe4 Rxe4 33. Nb4 c5
34. Nd5 Kg7 35. Nc3 Rh4 36. Nxb5 Ra4 37. Rb1 c4 38. Ke2 Ra5 39. Nd6 Rxa3 40.
Nxc4 Ra2+ 41. Rb2 Rxb2+ 42. Nxb2 f5 43. Nd3 Na5 44. Ne5 Nb7 45. g3 Nd6 46. Nf3
Ne4 1/2-1/2

[Event "Challenge"]
[Site "http://www.queenalice.com/game.php?id=476556"]
[Date "2008.10.12"]
[Round "-"]
[White "ulisses34"]
[Black "Al_Bundy"]
[Result "1-0"]
[WhiteElo "1768"]
[BlackElo "1710"]

1. d4 d5 2. h3 h6 3. Bf4 Nf6 4. e3 a6 5. Bd3 e6 6. Nf3 Nbd7 7. O-O b5 8. Ne5
Nxe5 9. dxe5 Nd7 10. b3 Bb7 11. Be2 Be7 12. Bf3 Bg5 13. Qd4 c5 14. Qd2 Bxf4 15.
exf4 b4 16. a3 a5 17. c4 bxc3 18. Nxc3 Qb6 19. Bd1 Qc6 20. Bf3 Qb6 21. Rab1 d4
22. Na4 Qc7 23. Qd3 Ra7 24. Rfc1 Bxf3 25. gxf3 O-O 26. Rc4 Ra6 27. Rbc1 Rc6 28.
Qd2 Rc8 29. b4 axb4 30. axb4 Qa7 31. b5 R6c7 32. Qe1 Qb7 33. Rb1 Nb6 34. Nxb6
Qxb6 35. Qd2 Ra8 36. Qb2 Ra5 37. Rcc1 Rb7 38. Qe2 Rxb5 39. Ra1 Rb8 40. Qc4 Qb7
41. Kg2 Qe7 42. Kg3 g5 43. fxg5 Qxg5+ 44. Kh2 Qf4+ 45. Kg2 Qxe5 46. Rg1 Kf8 47.
Rae1 Qf5 48. Kh2 Qxf3 49. Qf1 Rb2 50. Rg2 R8b3 51. Kg1 Qxh3 52. Qa6 Ke7 53. Qa7+
Kf6 54. Qxc5 e5 55. Qxe5# 1-0

[Event "Challenge"]
[Site "http://www.queenalice.com/game.php?id=476599"]
[Date "2008.10.12"]
[Round "-"]
[White "Al_Bundy"]
[Black "Bixu"]
[Result "1-0"]
[WhiteElo "1804"]
[BlackElo "1698"]

1. e4 e5 2. Nf3 Nc6 3. Nc3 Nf6 4. d3 Bb4 5. Bd2 O-O 6. a3 Bxc3 7. Bxc3 d6 8. Be2
Ng4 9. h3 Nf6 10. O-O a5 11. b4 axb4 12. axb4 Rxa1 13. Qxa1 b5 14. Bd2 h6 15.
Re1 Bb7 16. c3 Qa8 17. Bf1 Qxa1 18. Rxa1 Ra8 19. Rxa8+ Bxa8 20. Ne1 g5 21. g4
Ne8 22. f3 f6 23. Be3 Ne7 24. d4 d5 25. Bxb5 Nd6 26. Bd3 exd4 27. Bxd4 Kg7 28.
exd5 Nxd5 29. Ng2 Nf4 30. Nxf4 gxf4 31. Kg2 Nf7 32. h4 Ne5 33. Bxe5 fxe5 34. Kf2
Bc6 35. Ke2 Kf6 36. b5 Bb7 37. c4 Ke6 38. h5 Kf6 39. Kf2 Kg5 40. Be2 Kh4 41. Bd3
Kg5 42. c5 c6 43. bxc6 Bxc6 44. Be4 Bxe4 45. fxe4 Kf6 46. g5+ hxg5 47. Kf3 Ke6
48. h6 g4+ 49. Kxg4 Kf6 50. c6 Kg6 51. c7 Kxh6 52. c8=Q f3 53. Kxf3 Kg7 54. Qf5
Kh6 55. Qxe5 Kg6 56. Qf5+ Kg7 57. e5 Kg8 58. e6 Kg7 59. e7 1-0

[Event "Rematch1"]
[Site "http://www.queenalice.com/game.php?id=476620"]
[Date "2008.10.12"]
[Round "-"]
[White "chunyi2012"]
[Black "Al_Bundy"]
[Result "1-0"]
[WhiteElo "1589"]
[BlackElo "1739"]

1. c4 e5 2. Nc3 Nf6 3. Qa4 Nc6 4. d3 h6 5. Be3 a6 6. c5 Be7 7. g3 O-O 8. Bg2 Re8
9. Nf3 Bf8 10. O-O d5 11. d4 exd4 12. Bxd4 Nxd4 13. Qxd4 c6 14. Rfe1 Ne4 15.
Rad1 Nxc5 16. b4 Ne4 17. Nxe4 Rxe4 18. Qxe4 dxe4 19. Rxd8 exf3 20. Bxf3 Rb8 21.
Red1 g6 22. Re8 1-0

[Event "Challenge"]
[Site "http://www.queenalice.com/game.php?id=477837"]
[Date "2008.10.16"]
[Round "-"]
[White "Al_Bundy"]
[Black "andresalles"]
[Result "1-0"]
[WhiteElo "1784"]
[BlackElo "1822"]

1. e4 e5 2. Nf3 Nc6 3. Nc3 Bc5 4. a3 Nf6 5. h3 O-O 6. Bc4 h6 7. d3 d6 8. Na4 a6
9. Nxc5 dxc5 10. O-O b5 11. Ba2 Nd4 12. Nxd4 cxd4 13. b4 Qd6 14. Bd2 Be6 15. Qc1
Kh7 16. Rd1 Nd7 17. c3 dxc3 18. Bxc3 f5 19. Bxe6 Qxe6 20. Re1 fxe4 21. dxe4 Qf6
22. Ra2 Qh4 23. Re3 Rf6 24. Rae2 Raf8 25. Rg3 Rf4 26. Qc2 Rxf2 27. Rxf2 Qxg3 28.
Rxf8 Nxf8 29. Bd2 Ne6 30. Qc3 Qxc3 31. Bxc3 c6 32. Kf2 Nf4 33. Kf3 Ng6 34. Kg4
Nf4 35. Kf3 Nd3 36. h4 Kg6 37. g3 Kf6 38. Ke2 Nc1+ 39. Kd2 Nb3+ 40. Kc2 Nd4+ 41.
Kd3 Nf3 42. Ke3 Nd4 43. Bxd4 exd4+ 44. Kxd4 Ke6 45. g4 Kd6 46. e5+ Ke6 47. Ke4
g6 48. Kd4 Kd7 49. h5 gxh5 50. gxh5 Ke6 51. Ke4 Kf7 52. Kf5 Kg7 53. e6 Kg8 54.
Kf6 Kf8 55. e7+ Ke8 56. Ke6 a5 57. bxa5 b4 58. axb4 c5 59. b5 c4 60. a6 c3 61.
a7 1-0

[Event "Challenge"]
[Site "http://www.queenalice.com/game.php?id=477988"]
[Date "2008.10.16"]
[Round "-"]
[White "Al_Bundy"]
[Black "jeancarlo1910"]
[Result "1-0"]
[WhiteElo "1711"]
[BlackElo "1777"]

1. e4 e5 2. Nf3 Nc6 3. d4 Nb4 4. Nxe5 d6 5. Nf3 Bg4 6. Be2 d5 7. e5 Be6 8. a3
Nc6 9. Nc3 f5 10. Bd2 Qd7 11. Ng5 Be7 12. Nxe6 Qxe6 13. Be3 Nh6 14. h3 a6 15. b4
Bh4 16. Bf3 g5 17. Nxd5 Qf7 18. Bh5 O-O-O 19. Bxf7 Nxf7 20. Nc3 f4 21. Bxf4 gxf4
22. Qg4+ Kb8 23. Qxh4 Rxd4 24. Rd1 f3 25. Rxd4 Nfxe5 26. g3 Nxd4 27. Qxd4 Re8
28. O-O h5 29. Re1 Kc8 30. Rxe5 Rxe5 31. Qxe5 c5 32. bxc5 b5 33. cxb6 Kd8 34. b7
1-0

[Event "Challenge"]
[Site "http://www.queenalice.com/game.php?id=478296"]
[Date "2008.10.16"]
[Round "-"]
[White "Al_Bundy"]
[Black "chunyi2012"]
[Result "1-0"]
[WhiteElo "1661"]
[BlackElo "1629"]

1. e4 c5 2. Nc3 Nc6 3. Bc4 e6 4. Nf3 Nge7 5. a3 d5 6. exd5 exd5 7. Bd3 g6 8. O-O
c4 9. Be2 Bg7 10. Re1 O-O 11. b3 cxb3 12. cxb3 d4 13. Na2 d3 14. Nc3 Nf5 15. Bf1
Be6 16. Rb1 a6 17. Bb2 Qd7 18. Ne4 Bh6 19. Nc5 Qd5 20. b4 Bg7 21. Bxg7 Nxg7 22.
Bxd3 b6 23. Nxe6 Nxe6 24. Qc2 b5 25. Be4 Ncd4 26. Qd3 Qd8 27. Bxa8 Qxa8 28. Nxd4
Rd8 29. Re4 Qd5 30. Qf3 Qa2 31. Rbe1 Nxd4 32. Qf6 Ne6 33. Rxe6 fxe6 34. Qxd8+
Kg7 35. Qe7+ Kh6 36. Qxe6 Qxa3 37. Qe3+ Qxe3 38. dxe3 1-0

[Event "Challenge"]
[Site "http://www.queenalice.com/game.php?id=478298"]
[Date "2008.10.16"]
[Round "-"]
[White "Al_Bundy"]
[Black "CampbellMarcel"]
[Result "1-0"]
[WhiteElo "1754"]
[BlackElo "1844"]

1. e4 e5 2. Nf3 d6 3. Nc3 c6 4. Bc4 b5 5. Bb3 a5 6. a3 Ba6 7. d3 h6 8. Be3 Nf6
9. h3 c5 10. Nd5 c4 11. Nxf6+ gxf6 12. Ba2 cxd3 13. cxd3 Nc6 14. Bd5 Qc7 15. Rc1
Bb7 16. Qb3 Rh7 17. Qxb5 Rc8 18. Bb6 Qd7 19. Bxa5 Nxa5 20. Rxc8+ Bxc8 21. Qxa5
Be7 22. Qb6 Bd8 23. Qb3 Ba5+ 24. Ke2 f5 25. Qc4 Rg7 26. Bc6 Rxg2 27. Bxd7+ Bxd7
28. Rg1 Rxg1 29. Nxg1 f4 30. b4 Bd8 31. a4 Bxa4 32. b5 Bxb5 33. Qxb5+ Kf8 34.
Nf3 Be7 35. Nxe5 dxe5 36. Qxe5 f6 37. Qxf4 1-0

[Event "Challenge"]
[Site "http://www.queenalice.com/game.php?id=478299"]
[Date "2008.10.16"]
[Round "-"]
[White "Al_Bundy"]
[Black "Homer"]
[Result "1/2-1/2"]
[WhiteElo "1835"]
[BlackElo "1781"]

1. e4 e5 2. Nf3 Nc6 3. Nc3 Nf6 4. Bc4 Bc5 5. h3 O-O 6. a3 a5 7. d3 h6 8. Bd2 Re8
9. O-O Nd4 10. Nxd4 Bxd4 11. Rb1 c6 12. Ne2 b5 13. Ba2 Bb6 14. b4 axb4 15. Bxb4
Ba5 16. Ra1 Bxb4 17. axb4 d5 18. c3 dxe4 19. Bxf7+ Kxf7 20. Rxa8 Qxd3 21. Qxd3
exd3 22. Ng3 Nd5 23. Ne4 Ke6 24. Nc5+ Kf5 25. Nxd3 Nxc3 26. Re1 e4 27. Nc5 Nd5
28. Nxe4 Rxe4 29. Rxe4 Kxe4 30. Rxc8 Nxb4 31. f3+ Kd4 32. Rc7 g6 33. Rg7 g5 34.
Rg6 c5 35. Rxh6 c4 36. h4 gxh4 37. Rxh4+ Kd3 38. Rh5 c3 39. Rxb5 Na2 40. Rc5 c2
41. Rxc2 Kxc2 42. g4 Nc3 43. g5 Nd5 44. g6 Nf6 45. Kg2 Kd3 46. Kg3 Kd4 47. Kf4
Kd5 48. Kf5 Ne8 49. f4 Kd6 50. Kg5 Ke7 51. f5 Kf8 52. f6 Ng7 53. Kh6 Kg8 54. f7+
Kf8 55. Kh7 Ne6 1/2-1/2

[Event "Challenge"]
[Site "http://www.queenalice.com/game.php?id=479098"]
[Date "2008.10.18"]
[Round "-"]
[White "Al_Bundy"]
[Black "Danado"]
[Result "1-0"]
[WhiteElo "1774"]
[BlackElo "1619"]

1. e4 e5 2. Nf3 d6 3. Nc3 Bg4 4. Be2 Bxf3 5. Bxf3 Nf6 6. d3 Nc6 7. Ne2 d5 8.
exd5 Nxd5 9. O-O Bc5 10. c3 Qd7 11. Re1 O-O-O 12. Be4 Nf6 13. Ng3 Ng4 14. Bf5
Bxf2+ 15. Kh1 Bxe1 16. Bxd7+ Rxd7 17. Qxg4 g6 18. Qe2 Bxg3 19. hxg3 Re8 20. Bd2
Rde7 21. Re1 f5 22. Qf2 b6 23. Qf3 e4 24. dxe4 fxe4 25. Qg4+ Kb7 26. Be3 Ne5 27.
Qxe4+ Nc6 28. Qf3 Re6 29. b4 a6 30. a4 Kc8 31. b5 Ne5 32. Qa8+ Kd7 33. Rd1+ Rd6
34. Rxd6+ cxd6 35. Qb7+ Ke6 36. bxa6 Re7 37. Qxb6 Nd7 38. Qb3+ Kf5 39. a7 1-0

[Event "Challenge"]
[Site "http://www.queenalice.com/game.php?id=479539"]
[Date "2008.10.18"]
[Round "-"]
[White "Al_Bundy"]
[Black "crisvolei"]
[Result "1-0"]
[WhiteElo "1747"]
[BlackElo "1527"]

1. e4 e5 2. Nf3 Bd6 3. Bc4 Qe7 4. d3 Nf6 5. Ng5 b5 6. Bxf7+ Kf8 7. Bb3 Ng4 8.
Qxg4 Qf6 9. Nc3 Bc5 10. Nf3 h5 11. Qg5 d6 12. Nd5 Qxg5 13. Bxg5 Na6 14. Be7+ Kf7
15. Nxc7+ Kxe7 16. Nxa8 Nb4 17. Nc7 Nxc2+ 18. Bxc2 Rf8 19. Nd5+ Kd8 20. b4 Bxf2+
21. Kxf2 Bg4 22. h3 Be6 23. Bb3 g5 24. Ke2 h4 25. Nxg5 Bxd5 26. Bxd5 Ke7 27.
Rhf1 Rxf1 28. Rxf1 a5 29. bxa5 Kd7 30. a6 Kc7 31. a7 Kb6 32. a8=Q b4 33. Qb7+
Ka5 34. Bc6 d5 35. Qb5# 1-0

[Event "Challenge"]
[Site "http://www.queenalice.com/game.php?id=479540"]
[Date "2008.10.18"]
[Round "-"]
[White "Al_Bundy"]
[Black "gomery"]
[Result "1/2-1/2"]
[WhiteElo "1676"]
[BlackElo "1786"]

1. e4 c5 2. Nc3 Nc6 3. Nf3 Nf6 4. Bc4 e6 5. a3 d5 6. exd5 exd5 7. Ba2 d4 8. Qe2+
Be7 9. Ne4 Nxe4 10. Qxe4 O-O 11. O-O Re8 12. Qf4 Bf6 13. d3 Be6 14. Bd2 Bxa2 15.
Rxa2 Re2 16. Re1 Rxe1+ 17. Bxe1 Qe7 18. Ra1 Re8 19. Bd2 Ne5 20. Nxe5 Qxe5 21.
Qxe5 Rxe5 22. Re1 Rxe1+ 23. Bxe1 Bg5 24. b3 f5 25. g3 Kf7 26. h4 Be7 27. a4 Kg6
28. Kg2 Kf6 1/2-1/2

[Event "Challenge"]
[Site "http://www.queenalice.com/game.php?id=479548"]
[Date "2008.10.18"]
[Round "-"]
[White "Al_Bundy"]
[Black "karpovl"]
[Result "1-0"]
[WhiteElo "1687"]
[BlackElo "1516"]

1. e4 e5 2. Nf3 g5 3. Nxe5 Qe7 4. d4 Bg7 5. Bd3 Bxe5 6. dxe5 Qxe5 7. Nc3 Ne7 8.
Qe2 Qa5 9. Bd2 Qb4 10. Rb1 Qc5 11. Be3 Qe5 12. Nb5 c6 13. Bd4 Qe6 14. Bxh8 Qxa2
15. O-O cxb5 16. Bxb5 Ng6 17. Bc3 a6 18. Bc4 Qa4 19. g3 Ne5 20. b3 Qc6 21. Bxe5
d6 22. Ba1 g4 23. b4 b5 24. Bd5 Qd7 25. Bxa8 Bb7 26. Bxb7 Qxb7 27. Qxg4 1-0

[Event "Challenge"]
[Site "http://www.queenalice.com/game.php?id=479970"]
[Date "2008.10.20"]
[Round "-"]
[White "Al_Bundy"]
[Black "anetta007"]
[Result "1-0"]
[WhiteElo "1827"]
[BlackElo "1607"]

1. e4 c5 2. Nc3 d6 3. Bc4 e6 4. d3 Be7 5. Nf3 Nf6 6. a3 Bd7 7. Bd2 O-O 8. O-O
Nc6 9. Re1 a6 10. a4 b6 11. h3 h6 12. Qc1 b5 13. axb5 axb5 14. Bxb5 Rxa1 15.
Qxa1 Qc7 16. Rb1 d5 17. exd5 exd5 18. Re1 Bd6 19. Qa2 Be6 20. Qa4 Bd7 21. Qb3 d4
22. Nd5 Nxd5 23. Qxd5 Be6 24. Qxc6 Qe7 25. Bc4 Qd8 26. Bxe6 fxe6 27. Rxe6 Be7
28. Qe4 Bf6 29. c4 Qb8 30. Qd5 Kh8 31. Qxc5 Kh7 32. Bb4 Rc8 33. Qd6 Qa8 34. Qa6
Qb8 35. Ba3 Qc7 36. Bd6 Qd7 37. Be5 Bxe5 38. Nxe5 Qd8 39. Qd6 Qg5 40. Qxd4 Rd8
41. Qe4+ Kg8 42. Kh2 Rf8 43. f3 1-0

[Event "Challenge"]
[Site "http://www.queenalice.com/game.php?id=479972"]
[Date "2008.10.20"]
[Round "-"]
[White "juan_francisco"]
[Black "Al_Bundy"]
[Result "0-1"]
[WhiteElo "1470"]
[BlackElo "1816"]

1. e4 e5 2. Bc4 Nf6 3. Na3 a6 4. Nf3 Nc6 5. d3 h6 6. O-O Bc5 7. Be3 Ba7 8. Bxa7
Rxa7 9. c3 Na5 10. Nxe5 Nxc4 11. Naxc4 d6 12. Nf3 O-O 13. d4 Re8 14. e5 dxe5 15.
dxe5 Nd7 16. Qd4 c5 17. Qh4 Qxh4 18. Nxh4 Nxe5 19. Nxe5 Rxe5 20. Rae1 Re6 21.
Nf5 Kf8 22. b4 cxb4 23. cxb4 Rxe1 24. Rxe1 Bxf5 25. Re5 Be6 26. a4 b6 27. f4 Rd7
28. f5 Rd5 29. Rxd5 Bxd5 30. b5 axb5 31. axb5 Bc4 32. h4 Bxb5 33. g4 Be2 34. g5
hxg5 35. hxg5 f6 36. Kf2 Bd3 37. gxf6 gxf6 38. Kf3 Bxf5 39. Kf4 Bd7 40. Ke4 Ke7
41. Kd5 f5 42. Ke5 b5 43. Kd4 Kd6 44. Kc3 Kd5 45. Kd3 b4 46. Kc2 Kc4 47. Kb2 b3
48. Kb1 Kc3 49. Kc1 b2+ 50. Kb1 f4 51. Ka2 f3 52. Kb1 f2 53. Ka2 Bf5 54. Ka3
b1=Q 55. Ka4 Qb4# 0-1

[Event "Challenge"]
[Site "http://www.queenalice.com/game.php?id=480056"]
[Date "2008.10.20"]
[Round "-"]
[White "Al_Bundy"]
[Black "Gadou"]
[Result "1-0"]
[WhiteElo "1802"]
[BlackElo "1320"]

1. e4 e5 2. Nf3 Qf6 3. Nc3 Bc5 4. Nd5 Qc6 5. Nxe5 Qd6 6. Nf3 c6 7. Nc3 Qf6 8.
Bc4 b5 9. Bb3 Nh6 10. h3 d6 11. d3 a5 12. a3 a4 13. Ba2 b4 14. axb4 Bxb4 15. Bd2
a3 16. Qb1 Qg6 17. g4 Nxg4 18. hxg4 Qxg4 19. Ng5 Qg2 20. Bxf7+ Ke7 21. Rf1 Bg4
22. bxa3 Bc5 23. Qb7+ Nd7 24. Qxc6 Rxa3 25. Nd5+ Kd8 26. Qc7# 1-0